| 000 -CABECERA |
| Longitud fija campo de control |
01402cam a22003377a 4500 |
| 003 - IDENTIFICADOR DEL NÚMERO DE CONTROL |
| Identificador del número de control |
OSt |
| 005 - FECHA Y HORA DE LA ÚLTIMA TRANSACCIÓN |
| Fecha y hora de la última transacción |
20171019164526.0 |
| 008 - CÓDIGOS DE INFORMACIÓN DE LONGITUD FIJA |
| Códigos de información de longitud fija |
171019s2015 spcao o0|0 0dcat|d |
| 017 ## - NÚMERO DE COPYRIGHT O DE DEPÓSITO LEGAL |
| Número de copyright o de depósito legal |
DL B 13702-2015 |
| Agencia que asigna el número |
Biblioteca de Catalunya |
| 020 ## - NÚMERO INTERNACIONAL NORMALIZADO PARA LIBROS |
| Número Internacional Normalizado para Libros (ISBN) |
9788498506976 (o.c.) |
| 020 ## - NÚMERO INTERNACIONAL NORMALIZADO PARA LIBROS |
| Número Internacional Normalizado para Libros (ISBN) |
9788498506990 (Ofici) |
| 020 ## - NÚMERO INTERNACIONAL NORMALIZADO PARA LIBROS |
| Número Internacional Normalizado para Libros (ISBN) |
9788498506983 (Kiosk) |
| 040 ## - FUENTE DE LA CATALOGACIÓN |
| Centro catalogador de origen |
ES-BaCBU |
| Lengua de catalogación |
cat |
| Centro transcriptor |
CDMR |
| 245 00 - MENCIÓN DE TÍTULO |
| Título |
Repòrters gràfics |
| Resto del título |
: Barcelona 1900-1939 / |
| Mención de responsabilidad, etc. |
[textos:] Pablo González Morandi, Andrés Antebi Arnó, Teresa Ferré Panisello ; [edició fotogràfica:] Roger Adam Bernad |
| 260 ## - PUBLICACIÓN, DISTRIBUCIÓN, ETC. (PIE DE IMPRENTA) |
| Lugar de publicación, distribución, etc. |
Barcelona : |
| Nombre del editor, distribuidor, etc. |
Ajuntament de Barcelona ; |
| Lugar de publicación, distribución, etc. |
[Sant Cugat del Vallès] : |
| Nombre del editor, distribuidor, etc. |
Arxiu Nacional de Catalunya, |
| Fecha de publicación, distribución, etc. |
DL 2015 |
| 300 ## - DESCRIPCIÓN FÍSICA |
| Extensión |
2 v. (167, 280 p.) : |
| Otras características físicas |
il. ; |
| Dimensiones |
27 cm |
| 500 ## - NOTA GENERAL |
| Nota general |
En estoig |
| 504 ## - NOTA DE BIBLIOGRAFÍA, ETC |
| Nota de bibliografía, etc. |
Referències bibliogràfiques |
| 505 8# - NOTA DE CONTENIDO CON FORMATO |
| Nota de contenido con formato |
Conté: Ofici -- Kiosk |
| 650 07 - PUNTO DE ACCESO ADICIONAL DE MATERIA - TÉRMINO DE MATERIA |
| Término de materia o nombre geográfico como elemento inicial |
Diaris |
| Subdivisión geográfica |
Catalunya |
| -- |
Barcelona |
| Subdivisión de materia general |
Història |
| Subdivisión cronológica |
S. XX |
| Fuente del encabezamiento o término |
lemac |
| 650 #7 - PUNTO DE ACCESO ADICIONAL DE MATERIA - TÉRMINO DE MATERIA |
| Término de materia o nombre geográfico como elemento inicial |
Premsa |
| Subdivisión geográfica |
Catalunya |
| -- |
Barcelona |
| Subdivisión de materia general |
Història |
| Subdivisión cronológica |
S. XX |
| Fuente del encabezamiento o término |
lemac |
| 650 #7 - PUNTO DE ACCESO ADICIONAL DE MATERIA - TÉRMINO DE MATERIA |
| Término de materia o nombre geográfico como elemento inicial |
Fotografia periodística |
| Subdivisión geográfica |
Catalunya |
| -- |
Barcelona |
| Subdivisión de materia general |
Història |
| Subdivisión cronológica |
S. XX |
| Fuente del encabezamiento o término |
lemac |
| 650 07 - PUNTO DE ACCESO ADICIONAL DE MATERIA - TÉRMINO DE MATERIA |
| Término de materia o nombre geográfico como elemento inicial |
Premsa gràfica |
| Subdivisión geográfica |
Catalunya |
| -- |
Barcelona |
| Subdivisión de materia general |
Història |
| Subdivisión cronológica |
S. XX |
| Fuente del encabezamiento o término |
lemac |
| 700 1# - PUNTO DE ACCESO ADICIONAL - NOMBRE DE PERSONA |
| Nombre de persona |
González, Pablo |
| Forma desarrollada del nombre |
(González Morandi) |
| 700 1# - PUNTO DE ACCESO ADICIONAL - NOMBRE DE PERSONA |
| Nombre de persona |
Antebi, Andrés |
| 700 1# - PUNTO DE ACCESO ADICIONAL - NOMBRE DE PERSONA |
| Nombre de persona |
Ferré, Teresa |
| 700 1# - PUNTO DE ACCESO ADICIONAL - NOMBRE DE PERSONA |
| Nombre de persona |
Adam, Roger, |
| Término indicativo de función |
il. |
| 710 1# - PUNTO DE ACCESO ADICIONAL - NOMBRE DE ENTIDAD |
| Nombre de entidad o nombre de jurisdicción como elemento inicial |
Barcelona (Catalunya). |
| Unidad subordinada |
Ajuntament |
| 710 2# - PUNTO DE ACCESO ADICIONAL - NOMBRE DE ENTIDAD |
| Nombre de entidad o nombre de jurisdicción como elemento inicial |
Arxiu Nacional de Catalunya |
| 942 ## - ENTRADA DE ELEMENTOS AGREGADOS (KOHA) |
| Koha [por defecto] tipo de item |
Monografies |